书目信息 |
| 题名: |
桃园生产与经营致富一本通
|
|
| 作者: | 马之胜 , 王越辉 主编 | |
| 分册: | ||
| 出版信息: | 北京 中国农业出版社 2019重印 |
|
| 页数: | 254页 | |
| 开本: | 21cm | |
| 丛书名: | 现代果园生产与经营丛书 | |
| 单 册: | ||
| 中图分类: | S662.1 | |
| 科图分类: | ||
| 主题词: | 桃--tao--果树园艺 , 桃--tao--果园管理 | |
| 电子资源: | ||
| ISBN: | 978-7-109-23825-1 | |
| 000 | 01265nam 2200313 45 | |
| 001 | 012001000601 | |
| 005 | 20140106132829.0 | |
| 010 | @a978-7-109-23825-1@dCNY26.00 | |
| 092 | @bbwz1812kj-00245 | |
| 099 | @aCAL 012018074547 | |
| 100 | @a20180620d2018 em y0chiy50 ea | |
| 101 | 0 | @achi |
| 102 | @aCN@b110000 | |
| 105 | @aafk a 000yy | |
| 106 | @ar | |
| 200 | 1 | @a桃园生产与经营致富一本通@Atao yuan sheng chan yu jing ying zhi fu yi ben tong@f马之胜, 王越辉主编 |
| 210 | @a北京@c中国农业出版社@d2019重印 | |
| 215 | @a254页@c图@d21cm | |
| 225 | 2 | @a现代果园生产与经营丛书@Axian dai guo yuan sheng chan yu jing ying cong shu@h第一批 |
| 320 | @a有书目 (第254页) 和索引 | |
| 330 | @a本书中的一种。围绕习近平同志提出的“新农民观”,“懂技术、会经营”的观念,丛书将果园生产技术与经营结合起来加以介绍。本书介绍了桃产业发展与投资规划、建园、苗木繁育、果园管理技术(整形修剪、土肥水、花果管理、病虫害防治技术)、桃园经营管理与市场营销等方面的内容。 | |
| 410 | 0 | @12001 @a现代果园生产与经营丛书@h第一批 |
| 606 | 0 | @a桃@Atao@x果树园艺 |
| 606 | 0 | @a桃@Atao@x果园管理 |
| 690 | @aS662.1@v5 | |
| 701 | 0 | @a马之胜@Ama zhi sheng@4主编 |
| 701 | 0 | @a王越辉@Awang yue hui@4主编 |
| 801 | 0 | @aCN@b北京卓展文化@c20191020 |
| 905 | @b1200693-5@dS662.1@e510@f3 | |
| 桃园生产与经营致富一本通/马之胜, 王越辉主编.-北京:中国农业出版社,2019重印 |
| 254页:图;21cm.-(现代果园生产与经营丛书.第一批) |
| ISBN 978-7-109-23825-1:CNY26.00 |
| 本书中的一种。围绕习近平同志提出的“新农民观”,“懂技术、会经营”的观念,丛书将果园生产技术与经营结合起来加以介绍。本书介绍了桃产业发展与投资规划、建园、苗木繁育、果园管理技术(整形修剪、土肥水、花果管理、病虫害防治技术)、桃园经营管理与市场营销等方面的内容。 |
| ● |
| 相关链接 |
|
|
|
|
正题名:桃园生产与经营致富一本通
索取号:S662.1/510
 
预约/预借
| 序号 | 登录号 | 条形码 | 馆藏地/架位号 | 状态 | 备注 |
| 1 | 1200693 | 212006933 | 第二样本阅览室/ [索取号:S662.1/510] | 在馆 | |
| 2 | 1200694 | 212006942 | 第三借阅区/ [索取号:S662.1/510] | 在馆 | |
| 3 | 1200695 | 212006951 | 第三借阅区/ [索取号:S662.1/510] | 在馆 |